La concesión de obra pública: aspectos jurídicos y económicos

Saved in:
Bibliographic Details
Main Authors: Arancibia Mattar, Jaime (Author), Romero Seguel, Alejandro (Author)
Format: Book
Language:Spanish
Published: Santiago Universidad de Los Andes 2018
Edition:1a. ed
Series:Cuadernos de Extensión Jurídica, 31
Subjects:
Tags: Add Tag
No Tags, Be the first to tag this record!

MARC

LEADER 00000cam a2200000 a 4500
001 UCC7598
003 CL-VaPUC
008 190418e20180000cl |||||||||||||||||spa|d
020 |a 9789563890105 
082 0 4 |a 346.04  |b ARA  |2 21 
100 0 |a Arancibia Mattar, Jaime  |e author  |9 602278 
700 0 |a Romero Seguel, Alejandro  |e author  |9 602279 
245 1 3 |a La concesión de obra pública: aspectos jurídicos y económicos 
250 |a 1a. ed 
300 |a 197 p 
942 |c BK 
945 |d 20190418 12:46:00  |a dcastane 
260 |a Santiago  |b Universidad de Los Andes  |c 2018 
650 0 |a Administración pública   |9 255343 
650 0 |a Obras públicas  |9 261125 
650 0 |a Legislación y derecho  |9 389885 
650 0 |a Contratos administrativos  |9 256130 
583 |a last modification  |c 20190418 12:46:00  |k Rodrigo Vera 
490 0 |a Cuadernos de Extensión Jurídica, 31 
999 |c 374207  |d 374205 
952 |0 0  |1 0  |3 erb  |4 0  |6 346_040000000000000_ARA_2018  |7 0  |8 A  |9 492693  |a BIBDER  |b BIBDER  |i 5543940  |l 2  |m 3  |o 346.04 ARA 2018  |p 5543940  |r 2024-11-04  |s 2024-10-29  |w 2019-11-24  |y BK  |z Catalogado en:20190418  |k DER